000 00460nam a22001697a 4500
005 20251108165326.0
008 250721s1986 xx 000 0 ara d
082 1 4 _a635.9/تنس
245 1 0 _aتنسيق الزهور /
264 1 _aميلانو :
_bمؤسسة الديار،
_c1986.
300 _a39ص : مص.
490 0 _aدليلك سيدتي
650 1 7 _aالأزهار
650 1 7 _aنباتات الزينة
942 _2ddc
_cBK
999 _c25142
_d25142